[Event "11th LCC Rapid 2019"]
[Site "London"]
[Date "2019.12.07"]
[Round "4.25"]
[White "Jain, Gautam"]
[Black "Trivedi, Aarnavh"]
[Result "1-0"]
[WhiteElo "1900"]
[BlackElo "1761"]
[PlyCount "115"]
[EventDate "2019.12.08"]
[EventType "swiss"]
[EventCountry "ENG"]
[TimeControl "15+10"]
[WhiteClock "0:04:31"]
[BlackClock "0:01:45"]

1. e4 {[%emt 0:00:00]} c6 {[%emt 0:00:00]} 2. d4 {[%emt 0:00:00]} d5 {[%emt 0:00:00]} 3. Nd2 {[%emt 0:00:00]} dxe4 {[%emt 0:00:00]} 4. Nxe4 {[%emt 0:00:00]} Bf5 {[%emt 0:00:00]} 5. Ng3 {[%emt 0:00:00]} Bg6 {[%emt 0:00:00]} 6. h4 {[%emt 0:00:00]} h6 {[%emt 0:00:00]} 7. Nh3 {[%emt 0:00:00]} e6 {[%emt 0:00:00]} 8. Nf4 {[%emt 0:00:00]} Bh7 {[%emt 0:00:00]} 9. Be3 {[%emt 0:00:00]} Bd6 {[%emt 0:00:00]} 10. Bc4 {[%emt 0:00:00]} Nf6 {[%emt 0:00:00]} 11. Ngh5 {[%emt 0:00:00]} Bxf4 {[%emt 0:00:00]} 12. Nxf4 {[%emt 0:00:00]} Nbd7 {[%emt 0:00:00]} 13. Bd3 {[%emt 0:00:00]} Bxd3 {[%emt 0:00:00]} 14. Nxd3 {[%emt 0:00:00]} Qe7 {[%emt 0:00:00]} 15. Qd2 {[%emt 0:00:00]} a5 {[%emt 0:00:00]} 16. c4 {[%emt 0:00:00]} a4 {[%emt 0:00:00]} 17. Qc2 {[%emt 0:00:00]} e5 {[%emt 0:00:00]} 18. dxe5 {[%emt 0:00:00]} Nxe5 {[%emt 0:00:00]} 19. O-O-O {[%emt 0:00:00]} a3 {[%emt 0:00:00]} 20. b3 {[%emt 0:00:00]} O-O {[%emt 0:00:00]} 21. Rhe1 {[%emt 0:00:00]} Nxd3+ {[%emt 0:00:00]} 22. Qxd3 {[%emt 0:00:00]} Rfd8 {[%emt 0:00:00]} 23. Bd4 {[%emt 0:00:00]} Qd6 {[%emt 0:00:00]} 24. Qf3 {[%emt 0:00:00]} c5 {[%emt 0:00:00]} 25. Bxf6 {[%emt 0:00:00]} Qxf6 {[%emt 0:00:00]} 26. Qxf6 {[%emt 0:00:00]} gxf6 {[%emt 0:00:00]} 27. Re7 {[%emt 0:00:00]} Rxd1+ {[%emt 0:00:00]} 28. Kxd1 {[%emt 0:00:00]} b6 {[%emt 0:00:00]} 29. Rb7 {[%emt 0:01:51]} Ra6 {[%emt 0:00:00]} 30. Kd2 {[%emt 0:00:10]} Kg7 {[%emt 0:00:00]} 31. Ke3 {[%emt 0:00:13]} f5 {[%emt 0:00:00]} 32. Kf4 {[%emt 0:00:05]} Kf6 {[%emt 0:00:00]} 33. Rb8 {[%emt 0:00:11]} h5 {[%emt 0:00:00]} 34. f3 {[%emt 0:00:29]} Ke6 {[%emt 0:00:25]} 35. Kg5 {[%emt 0:00:01]} f6+ {[%emt 0:00:06]} 36. Kxh5 {[%emt 0:00:05]} Ke5 {[%emt 0:00:19]} 37. Kg6 {[%emt 0:00:05]} b5 {[%emt 0:00:06]} 38. Rxb5 {[%emt 0:00:18]} Kd4 {[%emt 0:00:11]} 39. Kxf5 {[%emt 0:00:16]} Kc3 {[%emt 0:00:02]} 40. Rxc5 {[%emt 0:00:12]} Kb2 {[%emt 0:00:01]} 41. b4 {[%emt 0:01:02]} Kxa2 {[%emt 0:00:04]} 42. b5 {[%emt 0:00:11]} Rd6 {[%emt 0:00:49]} 43. Rc8 {[%emt 0:00:45]} Kb2 {[%emt 0:00:49]} 44. c5 {[%emt 0:00:05]} Rd3 {[%emt 0:00:15]} 45. Ra8 {[%emt 0:00:16]} Rd5+ {[%emt 0:00:18]} 46. Kxf6 {[%emt 0:00:03]} Rxc5 {[%emt 0:00:02]} 47. g4 {[%emt 0:00:17]} Rxb5 {[%emt 0:00:01]} 48. f4 {[%emt 0:00:12]} Kb3 {[%emt 0:00:40]} 49. f5 {[%emt 0:00:05]} Rb6+ {[%emt 0:00:09]} 50. Kg5 {[%emt 0:00:07]} Rc6 {[%emt 0:00:17]} 51. f6 {[%emt 0:00:24]} Rc5+ {[%emt 0:00:03]} 52. Kg6 {[%emt 0:00:05]} Rc6 {[%emt 0:00:06]} 53. g5 {[%emt 0:00:07]} Rb6 {[%emt 0:00:21]} 54. h5 {[%emt 0:00:06]} a2 {[%emt 0:00:04]} 55. h6 {[%emt 0:00:13]} Rb4 {[%emt 0:00:03]} 56. Rxa2 {[%emt 0:00:03]} Kxa2 {[%emt 0:00:02]} 57. h7 {[%emt 0:00:09]} Rh4 {[%emt 0:00:01]} 58. f7 {[%emt 0:00:04]} 1-0

[Event "11th LCC Rapid 2019"]
[Site "London"]
[Date "2019.12.07"]
[Round "4.26"]
[White "Kirupakaran, Vishnu"]
[Black "Watson, Mikey J"]
[Result "1/2-1/2"]
[WhiteElo "1871"]
[BlackElo "1973"]
[PlyCount "62"]
[EventDate "2019.12.08"]
[EventType "swiss"]
[EventCountry "ENG"]
[TimeControl "15+10"]
[WhiteClock "0:00:27"]
[BlackClock "0:00:11"]

1. e4 {[%emt 0:00:00]} c6 {[%emt 0:00:00]} 2. d4 {[%emt 0:00:00]} d5 {[%emt 0:00:00]} 3. e5 {[%emt 0:00:00]} Bf5 {[%emt 0:00:00]} 4. h4 {[%emt 0:00:00]} h5 {[%emt 0:00:00]} 5. Bd3 {[%emt 0:00:00]} Bxd3 {[%emt 0:00:00]} 6. Qxd3 {[%emt 0:00:00]} e6 {[%emt 0:00:00]} 7. Bg5 {[%emt 0:00:00]} Be7 {[%emt 0:00:00]} 8. Nf3 {[%emt 0:00:00]} Nd7 {[%emt 0:00:00]} 9. Nbd2 {[%emt 0:00:00]} Bxg5 {[%emt 0:00:00]} 10. Nxg5 {[%emt 0:00:00]} Qe7 {[%emt 0:00:00]} 11. c4 {[%emt 0:00:00]} Nh6 {[%emt 0:00:00]} 12. O-O {[%emt 0:00:00]} Nf5 {[%emt 0:00:00]} 13. g3 {[%emt 0:00:00]} O-O {[%emt 0:00:00]} 14. Rad1 {[%emt 0:00:00]} Rfd8 {[%emt 0:00:00]} 15. Ndf3 {[%emt 0:00:00]} Nf8 {[%emt 0:00:00]} 16. Qe2 {[%emt 0:00:00]} Rac8 {[%emt 0:00:00]} 17. a3 {[%emt 0:00:00]} dxc4 {[%emt 0:00:00]} 18. Qxc4 {[%emt 0:00:00]} Rd5 {[%emt 0:00:00]} 19. Ne4 {[%emt 0:00:00]} Rcd8 {[%emt 0:00:00]} 20. Nc3 {[%emt 0:00:00]} R5d7 {[%emt 0:00:00]} 21. Ne4 {[%emt 0:00:00]} Ng6 {[%emt 0:00:00]} 22. Nc5 {[%emt 0:00:00]} Rd5 {[%emt 0:00:00]} 23. Ne4 {[%emt 0:00:00]} Qc7 {[%emt 0:00:00]} 24. Nc3 {[%emt 0:00:25]} R5d7 {[%emt 0:00:00]} 25. b4 {[%emt 0:00:51]} Qb6 {[%emt 0:00:00]} 26. Ne2 {[%emt 0:02:00]} a5 {[%emt 0:00:27]} 27. Rd2 {[%emt 0:00:48]} axb4 {[%emt 0:00:52]} 28. axb4 {[%emt 0:00:02]} Ra8 {[%emt 0:00:39]} 29. Ng5 {[%emt 0:00:21]} Qa6 {[%emt 0:01:22]} 30. Qc3 {[%emt 0:00:35]} Qa3 {[%emt 0:00:49]} 31. Qc4 {[%emt 0:00:12]} Qa6 {[%emt 0:00:49]} 1/2-1/2

[Event "11th LCC Rapid 2019"]
[Site "London"]
[Date "2019.12.07"]
[Round "4.28"]
[White "Chakanyuka, Charles"]
[Black "Tombolis, Christopher"]
[Result "0-1"]
[WhiteElo "1995"]
[BlackElo "1875"]
[PlyCount "204"]
[EventDate "2019.12.08"]
[EventType "swiss"]
[EventCountry "ENG"]
[TimeControl "15+10"]
[WhiteClock "0:13:01"]
[BlackClock "0:00:24"]

1. c4 {[%emt 0:00:00]} Nf6 {[%emt 0:00:00]} 2. Nc3 {[%emt 0:00:00]} d5 {[%emt 0:00:00]} 3. cxd5 {[%emt 0:00:00]} Nxd5 {[%emt 0:00:00]} 4. Nf3 {[%emt 0:00:00]} g6 {[%emt 0:00:00]} 5. g3 {[%emt 0:00:00]} Bg7 {[%emt 0:00:00]} 6. Bg2 {[%emt 0:00:00]} c6 {[%emt 0:00:00]} 7. O-O {[%emt 0:00:00]} O-O {[%emt 0:00:00]} 8. e4 {[%emt 0:00:00]} Nxc3 {[%emt 0:00:00]} 9. bxc3 {[%emt 0:00:00]} Bg4 {[%emt 0:00:00]} 10. d4 {[%emt 0:00:00]} c5 {[%emt 0:00:00]} 11. Bb2 {[%emt 0:00:00]} cxd4 {[%emt 0:00:00]} 12. cxd4 {[%emt 0:00:00]} Nc6 {[%emt 0:00:00]} 13. e5 {[%emt 0:00:00]} e6 {[%emt 0:00:00]} 14. h3 {[%emt 0:00:00]} Bf5 {[%emt 0:00:00]} 15. Nh4 {[%emt 0:00:00]} Qb6 {[%emt 0:00:00]} 16. Ba3 {[%emt 0:00:00]} Rfd8 {[%emt 0:00:00]} 17. Bc5 {[%emt 0:00:00]} Qa5 {[%emt 0:00:00]} 18. Nxf5 gxf5 {[%emt 0:00:00]} 19. Bxc6 {[%emt 0:00:00]} bxc6 {[%emt 0:00:00]} 20. Qf3 {[%emt 0:00:00]} Rd5 {[%emt 0:00:00]} 21. Rfc1 {[%emt 0:00:00]} Bxe5 {[%emt 0:00:00]} 22. dxe5 {[%emt 0:00:00]} Rxc5 {[%emt 0:00:00]} 23. Rxc5 {[%emt 0:00:00]} Qxc5 {[%emt 0:00:00]} 24. Qf4 {[%emt 0:00:00]} Qe7 {[%emt 0:00:00]} 25. Rc1 {[%emt 0:00:00]} Rc8 {[%emt 0:00:00]} 26. h4 {[%emt 0:00:00]} Kg7 {[%emt 0:00:00]} 27. h5 {[%emt 0:00:00]} h6 {[%emt 0:00:00]} 28. Rc3 {[%emt 0:00:00]} Qg5 {[%emt 0:00:00]} 29. Qa4 {[%emt 0:00:00]} Qd2 {[%emt 0:00:00]} 30. Re3 {[%emt 0:00:00]} a5 {[%emt 0:00:00]} 31. Qb3 {[%emt 0:00:00]} c5 {[%emt 0:00:00]} 32. Qb7 {[%emt 0:00:00]} Qd1+ {[%emt 0:00:00]} 33. Kh2 {[%emt 0:00:00]} Qxh5+ {[%emt 0:00:00]} 34. Kg2 {[%emt 0:00:00]} Rd8 {[%emt 0:00:00]} 35. Qf3 {[%emt 0:00:00]} Qxf3+ {[%emt 0:00:00]} 36. Rxf3 {[%emt 0:00:00]} Rd5 {[%emt 0:00:00]} 37. Ra3 {[%emt 0:00:00]} c4 {[%emt 0:00:00]} 38. f4 {[%emt 0:00:00]} c3 {[%emt 0:00:00]} 39. Rxc3 {[%emt 0:00:00]} Rd2+ {[%emt 0:00:00]} 40. Kh3 {[%emt 0:00:16]} Rxa2 {[%emt 0:00:00]} 41. Rc8 {[%emt 0:00:03]} a4 {[%emt 0:00:00]} 42. Ra8 {[%emt 0:00:01]} a3 {[%emt 0:00:00]} 43. Ra7 {[%emt 0:00:10]} Ra1 {[%emt 0:00:00]} 44. Kg2 {[%emt 0:00:13]} Kg6 {[%emt 0:00:00]} 45. Ra8 {[%emt 0:00:02]} a2 {[%emt 0:00:00]} 46. Rg8+ {[%emt 0:00:16]} Kh7 {[%emt 0:00:00]} 47. Ra8 {[%emt 0:00:02]} Kg7 {[%emt 0:00:00]} 48. Kh2 {[%emt 0:00:11]} f6 {[%emt 0:00:00]} 49. Ra7+ {[%emt 0:00:37]} Kg6 {[%emt 0:00:00]} 50. exf6 {[%emt 0:00:04]} Kxf6 {[%emt 0:00:00]} 51. Ra6 {[%emt 0:00:03]} Ke7 {[%emt 0:00:00]} 52. Kg2 {[%emt 0:00:09]} Kd7 {[%emt 0:00:00]} 53. Kh2 {[%emt 0:00:09]} Kc7 {[%emt 0:00:00]} 54. Kg2 {[%emt 0:00:09]} Kb7 {[%emt 0:00:00]} 55. Ra3 {[%emt 0:00:03]} Kb6 {[%emt 0:00:00]} 56. Ra8 {[%emt 0:00:03]} Kc5 {[%emt 0:00:00]} 57. Rc8+ {[%emt 0:00:09]} Kd4 {[%emt 0:00:00]} 58. Rd8+ {[%emt 0:00:02]} Ke4 {[%emt 0:00:00]} 59. Ra8 {[%emt 0:00:03]} h5 {[%emt 0:00:00]} 60. Ra4+ {[%emt 0:00:02]} Ke3 {[%emt 0:00:00]} 61. Ra3+ {[%emt 0:00:01]} Kd2 {[%emt 0:00:00]} 62. Ra6 {[%emt 0:00:11]} Kc3 {[%emt 0:00:00]} 63. Rc6+ {[%emt 0:00:02]} Kb4 {[%emt 0:00:00]} 64. Ra6 {[%emt 0:00:05]} Kc5 {[%emt 0:00:00]} 65. Ra8 {[%emt 0:00:03]} Kd5 {[%emt 0:00:00]} 66. Rd8+ {[%emt 0:00:05]} Ke4 {[%emt 0:00:00]} 67. Ra8 {[%emt 0:00:04]} Kd5 {[%emt 0:00:00]} 68. Rd8+ {[%emt 0:01:37]} Kc6 {[%emt 0:00:00]} 69. Ra8 {[%emt 0:00:02]} Kd6 {[%emt 0:00:00]} 70. Rd8+ {[%emt 0:00:01]} Kc6 {[%emt 0:00:00]} 71. Ra8 {[%emt 0:00:02]} Kd7 {[%emt 0:00:00]} 72. Ra7+ {[%emt 0:00:05]} Kd6 {[%emt 0:00:00]} 73. Ra8 {[%emt 0:00:02]} Ke7 {[%emt 0:00:00]} 74. Ra7+ {[%emt 0:00:14]} Kf6 {[%emt 0:00:00]} 75. Ra8 {[%emt 0:00:01]} Kg6 {[%emt 0:00:00]} 76. Rg8+ {[%emt 0:00:24]} Kh7 {[%emt 0:00:01]} 77. Ra8 {[%emt 0:00:03]} h4 {[%emt 0:00:28]} 78. gxh4 {[%emt 0:01:57]} Kg6 {[%emt 0:00:07]} 79. Ra4 {[%emt 0:05:10]} Kh5 {[%emt 0:00:06]} 80. Ra8 {[%emt 0:00:22]} Kxh4 {[%emt 0:00:07]} 81. Ra7 {[%emt 0:00:02]} Kg4 {[%emt 0:00:02]} 82. Ra4 {[%emt 0:00:01]} Kh4 {[%emt 0:00:06]} 83. Kh2 {[%emt 0:00:01]} Rf1 {[%emt 0:01:02]} 84. Rxa2 {[%emt 0:00:04]} Rxf4 {[%emt 0:00:02]} 85. Kg2 {[%emt 0:00:05]} Rg4+ {[%emt 0:00:05]} 86. Kf2 {[%emt 0:00:04]} Kg5 {[%emt 0:00:09]} 87. Ra6 {[%emt 0:00:07]} e5 {[%emt 0:00:09]} 88. Re6 {[%emt 0:00:07]} Kf4 {[%emt 0:00:03]} 89. Ra6 {[%emt 0:00:13]} e4 {[%emt 0:00:03]} 90. Ra3 {[%emt 0:00:09]} Rh4 {[%emt 0:00:05]} 91. Kg2 {[%emt 0:00:12]} Rg4+ {[%emt 0:00:06]} 92. Kf2 {[%emt 0:00:01]} e3+ {[%emt 0:00:30]} 93. Kf1 {[%emt 0:00:33]} Kf3 {[%emt 0:00:02]} 94. Rb3 {[%emt 0:00:10]} f4 {[%emt 0:00:04]} 95. Ra3 {[%emt 0:00:13]} Rg5 {[%emt 0:00:01]} 96. Rb3 {[%emt 0:00:14]} Rc5 {[%emt 0:00:04]} 97. Rb1 {[%emt 0:00:05]} Rc3 {[%emt 0:00:09]} 98. Ra1 {[%emt 0:00:15]} Kg3 {[%emt 0:00:06]} 99. Rb1 {[%emt 0:00:10]} f3 {[%emt 0:00:04]} 100. Ra1 {[%emt 0:00:06]} Rd3 {[%emt 0:00:22]} 101. Ke1 {[%emt 0:00:19]} e2 {[%emt 0:00:09]} 102. Rb1 {[%emt 0:00:22]} Rd1+ {[%emt 0:00:02]} 0-1

[Event "11th LCC Rapid 2019"]
[Site "London"]
[Date "2019.12.07"]
[Round "4.29"]
[White "Rosario, Paulo Rbd"]
[Black "Sandhu, Manvith"]
[Result "1-0"]
[WhiteElo "1767"]
[BlackElo "1673"]
[PlyCount "103"]
[EventDate "2019.12.08"]
[EventType "swiss"]
[EventCountry "ENG"]
[TimeControl "15+10"]
[WhiteClock "0:00:11"]
[BlackClock "0:01:04"]

1. d4 {[%emt 0:00:00]} d5 {[%emt 0:00:00]} 2. c4 {[%emt 0:00:00]} c6 {[%emt 0:00:00]} 3. Nf3 {[%emt 0:00:00]} Nf6 {[%emt 0:00:00]} 4. Nc3 {[%emt 0:00:00]} e6 {[%emt 0:00:00]} 5. Bg5 {[%emt 0:00:00]} h6 {[%emt 0:00:00]} 6. Bh4 {[%emt 0:00:00]} dxc4 {[%emt 0:00:00]} 7. e4 {[%emt 0:00:00]} g5 {[%emt 0:00:00]} 8. Bg3 {[%emt 0:00:00]} b5 {[%emt 0:00:00]} 9. e5 {[%emt 0:00:00]} Nd5 {[%emt 0:00:00]} 10. Nd2 {[%emt 0:00:00]} Bb4 {[%emt 0:01:23]} 11. Nde4 {[%emt 0:00:00]} Nd7 {[%emt 0:00:00]} 12. a3 {[%emt 0:00:00]} Be7 {[%emt 0:00:00]} 13. Be2 {[%emt 0:00:00]} Bb7 {[%emt 0:00:00]} 14. O-O {[%emt 0:00:00]} a6 {[%emt 0:00:00]} 15. Bh5 {[%emt 0:00:00]} Nf8 {[%emt 0:00:00]} 16. f4 {[%emt 0:00:00]} Ne3 {[%emt 0:00:00]} 17. Bxf7+ {[%emt 0:00:00]} Kxf7 {[%emt 0:00:00]} 18. Qh5+ {[%emt 0:00:00]} Kg7 {[%emt 0:00:00]} 19. Rf3 {[%emt 0:00:34]} Nf5 {[%emt 0:00:00]} 20. Bf2 {[%emt 0:01:15]} Qe8 {[%emt 0:00:00]} 21. Qh3 {[%emt 0:00:40]} Qg6 {[%emt 0:00:00]} 22. g4 {[%emt 0:00:13]} Nh4 {[%emt 0:00:00]} 23. f5 {[%emt 0:00:36]} Nxf3+ {[%emt 0:00:00]} 24. Qxf3 {[%emt 0:00:00]} Qf7 {[%emt 0:00:00]} 25. f6+ {[%emt 0:00:04]} Kg8 {[%emt 0:00:00]} 26. Qe2 {[%emt 0:00:20]} Bd8 {[%emt 0:00:00]} 27. Nd6 {[%emt 0:00:02]} Qd7 {[%emt 0:00:00]} 28. Qe4 {[%emt 0:00:12]} Rb8 {[%emt 0:00:48]} 29. f7+ {[%emt 0:00:08]} Kg7 {[%emt 0:00:08]} 30. Rf1 {[%emt 0:00:04]} c5 {[%emt 0:00:19]} 31. d5 {[%emt 0:00:22]} exd5 {[%emt 0:00:24]} 32. Nxd5 {[%emt 0:00:04]} Bxd5 {[%emt 0:00:39]} 33. Qxd5 {[%emt 0:00:03]} Qxg4+ {[%emt 0:00:02]} 34. Kh1 {[%emt 0:00:13]} Qe6 {[%emt 0:00:04]} 35. Qxc5 {[%emt 0:00:18]} Be7 {[%emt 0:00:44]} 36. Bd4 {[%emt 0:00:16]} Bxd6 {[%emt 0:00:33]} 37. exd6+ {[%emt 0:00:02]} Kh7 {[%emt 0:00:05]} 38. Bxh8 {[%emt 0:00:18]} Qe4+ {[%emt 0:00:03]} 39. Kg1 {[%emt 0:00:04]} Kxh8 {[%emt 0:00:22]} 40. Qc7 {[%emt 0:00:37]} Qg4+ {[%emt 0:01:00]} 41. Kh1 {[%emt 0:00:06]} Qc8 {[%emt 0:00:08]} 42. Qe7 {[%emt 0:00:03]} Qb7+ {[%emt 0:00:03]} 43. Kg1 {[%emt 0:00:06]} Qb6+ {[%emt 0:00:19]} 44. Kh1 {[%emt 0:00:07]} Qc6+ {[%emt 0:00:06]} 45. Kg1 {[%emt 0:00:02]} Qc5+ {[%emt 0:00:24]} 46. Rf2 {[%emt 0:00:22]} Qd4 {[%emt 0:00:07]} 47. d7 {[%emt 0:00:11]} Qd1+ {[%emt 0:00:10]} 48. Kg2 {[%emt 0:00:09]} Qg4+ {[%emt 0:00:04]} 49. Kh1 {[%emt 0:00:06]} Qe6 {[%emt 0:00:11]} 50. Qxe6 {[%emt 0:00:09]} Nxe6 {[%emt 0:00:01]} 51. Re2 {[%emt 0:00:02]} Nf8 {[%emt 0:00:27]} 52. Re8 {[%emt 0:00:03]} 1-0

[Event "11th LCC Rapid 2019"]
[Site "London"]
[Date "2020.01.07"]
[Round "5.1"]
[White "Harvey, Marcus R"]
[Black "Gordon, Stephen J"]
[Result "1/2-1/2"]
[WhiteElo "2412"]
[BlackElo "2495"]
[Annotator "TA"]
[PlyCount "99"]
[EventDate "2019.12.08"]
[EventType "swiss"]
[EventCountry "ENG"]

{[%evp 18,99,8,0,18,0,4,0,0,0,200,198,184,184,189,193,193,204,225,203,234,191,195,199,177,113,104,83,151,160,154,158,233,139,138,97,97,97,98,81,126,116,139,96,208,191,195,142,139,134,304,157,173,125,162,112,110,79,75,28,28,15,17,17,91,8,8,-14,-14,-14,-14,-16,-12,-249,0,0,0,0,0,0,0,-14,-14,-18]} 1. Nf3 c5 2. c4 Nc6 3. d4 cxd4 4. Nxd4 Nf6 5. Nc3 e6 6. e4 Bb4 7. Nxc6 bxc6 8. Bd3 e5 9. O-O O-O 10. Qc2 h6 {B44: Sicilian: Taimanov: 5 Nb5} 11. Na4 (11. a3 Bc5 12. b4 Bd4 13. Rb1 d5 14. exd5 cxd5 15. Nb5 dxc4 16. Bxc4 Ba6 17. Nxd4 Bxc4 18. Qxc4 Qxd4 {½-½ (30) Morozevich,A (2712)-Maletin,P (2571) Rostov on Don 2014}) 11... d5 12. cxd5 $146 ({Predecessor:} 12. a3 Be7 13. Nc3 d4 14. Ne2 Nd7 15. f4 exf4 16. Bxf4 Bg5 17. Bd6 Re8 18. c5 {½-½ (74) Chatzieleftheriou,A (1935)-Abelakiotis,S (2067) Peristeri 2018}) 12... cxd5 13. a3 (13. exd5 {feels hotter.} Bb7 14. Rd1 Bxd5 15. Be3 Rc8 16. Qe2) 13... dxe4 $2 (13... Bd6 $11) 14. Bxe4 $18 Nxe4 15. Qxe4 {[%mdl 64] Double Attack} Ba6 16. axb4 Bxf1 17. Kxf1 Qd1+ 18. Qe1 Rfd8 19. Be3 Qb3 20. g3 Rac8 21. Nc5 (21. Bc5 $18) 21... Qxb2 $16 22. Rxa7 Ra8 (22... Rb8 $142) 23. Rxa8 Rxa8 24. Qd2 Ra1+ (24... Qa1+ $16 {was necessary.} 25. Kg2 Rb8) 25. Kg2 (25. Ke2 $1 $18 Qb1 26. Qd8+ Kh7 27. Qd3+ f5 28. Qxb1 Rxb1 29. Na6) 25... Qb1 26. Qd8+ Kh7 27. Qd3+ $1 f5 28. Qxb1 Rxb1 29. Na6 g5 30. Bc5 e4 (30... Kg6 $16) 31. Nc7 $18 Rc1 32. Ne6 (32. Ne8 $18) 32... Kg6 $16 33. b5 {Threatens to win with b6.} Kf7 $2 (33... Kf6 $16) 34. Be3 (34. Nd8+ $18 Ke8 35. Nb7) 34... Rb1 35. Nc7 Kf6 36. Bd4+ Ke7 37. b6 Kd6 38. Na6 f4 $1 39. gxf4 gxf4 40. Nc7 Rb3 {[#]} (40... h5 $11) 41. Ne8+ (41. Kf1 $1 $16) 41... Kd5 $132 {[%mdl 2048] Black has counterplay} 42. Bg7 Rxb6 43. Nf6+ Kc4 44. h4 Kd3 45. h5 $2 (45. Nh5 $1 $11 {and White stays safe.}) 45... e3 $2 (45... f3+ $19 46. Kg3 e3 47. fxe3 {[#]} Rxf6 $1 {[%mdl 512]}) 46. Nd5 {Hoping for Kf3.The position is equal.} e2 47. Nxf4+ Kd2 {[#]} 48. Nxe2 $1 {[%mdl 512]} Kxe2 49. f4 Rb5 50. Bxh6 {Accuracy: White = 47%, Black = 48%.} 1/2-1/2

[Event "11th LCC Rapid 2019"]
[Site "London"]
[Date "2020.01.14"]
[Round "5.2"]
[White "Haydon, David L"]
[Black "Hebden, Mark L"]
[Result "1/2-1/2"]
[WhiteElo "2294"]
[BlackElo "2433"]
[Annotator "TA"]
[PlyCount "120"]
[EventDate "2019.12.08"]
[EventType "swiss"]
[EventCountry "ENG"]

{[%evp 21,120,12,10,19,17,24,17,9,24,0,18,0,0,-2,14,0,21,0,0,-18,0,0,0,0,0,0,0,0,0,0,0,0,0,0,0,0,0,0,2,0,0,-22,-14,-20,-20,-19,-19,-48,-35,-35,-35,-48,-48,-48,-48,-47,-41,-48,-47,-47,-35,-48,-47,-69,-69,-69,0,0,0,0,0,-13,-13,-48,-1,-35,0,-43,0,0,0,0,0,0,0,0,0,0,0,0,0,0,0,0,0,0,0,0,0,0,0]} 1. Nf3 Nf6 2. g3 g6 3. Bg2 Bg7 4. c4 O-O 5. O-O d6 6. Nc3 Nc6 7. d4 Rb8 8. b3 a6 9. Bb2 b5 10. cxb5 axb5 11. d5 Na5 12. Rc1 {E63: King's Indian: Fianchetto: Panno Variation with 7...a6} (12. Re1 b4 13. Na4 e5 14. dxe6 fxe6 15. e4 e5 16. Qc2 Qe7 17. Rac1 Ne8 18. Nd2 Bh6 19. Rb1 c5 {0-1 (37) Farahat,A (2420)-Amin,B (2672) Oran 2017}) 12... Bd7 13. Nd4 b4 14. Na4 e5 15. dxe6 $1 fxe6 16. Nc6 Nxc6 17. Bxc6 Qe8 18. Qc2 Rf7 19. Bxd7 $146 (19. Bxf6 {feels hotter.} Bxf6 20. Qe4 Bg7 21. Rfd1 Bxc6 22. Rxc6 Qe7 23. Rdc1) ({Predecessor:} 19. Rfd1 Bh6 20. f4 e5 21. Bxd7 Qxd7 22. Bxe5 {0-1 (49) Vetrov,A (2130)-Rjazanova Ossipova,V (2099) Saratov 2009}) 19... Qxd7 20. Qc6 Ng4 21. Bxg7 {[#] Strongly threatening Qxd7.} Kxg7 22. Qxd7 Rxd7 23. Rfd1 Rf7 24. f3 Ne3 25. Rd3 Nd5 26. e4 Nb6 27. Nxb6 Rxb6 $11 {[%mdl 4096] Endgame KRR-KRR} 28. Kf2 Ra6 29. Rd2 e5 30. Rc4 c5 31. Ke3 g5 32. Rcc2 Kf8 33. Rf2 Ke7 34. Kd3 Ke6 35. Ke3 Ra8 36. Rcd2 Raf8 37. Rd1 Kd7 38. Rdf1 Kc6 39. Rd2 Rf6 40. Rdf2 h5 41. Rd2 h4 42. gxh4 gxh4 43. Rg2 d5 (43... Ra8 $15) 44. exd5+ Kxd5 45. Rd2+ Kc6 46. Rc2 Rf4 47. Rcf2 Kd5 48. Rc2 Kc6 49. Rg2 Kb5 (49... e4 $5) 50. Rff2 {The position is equal.} c4 51. Rg5 R8f5 (51... c3 {with more complications.} 52. Rxe5+ Kc6 53. Rh5 Kd7 54. h3 Kd6) 52. Rxf5 Rxf5 53. bxc4+ Kxc4 {KR-KR} 54. Rc2+ Kb5 55. Rc8 Rg5 56. Rb8+ Kc4 57. Rc8+ Kd5 58. Rb8 Rg2 59. Rxb4 Rxh2 60. a4 h3 {Accuracy: White = 64%, Black = 57%.} 1/2-1/2

[Event "11th LCC Rapid 2019"]
[Site "London"]
[Date "2020.02.03"]
[Round "5.3"]
[White "Arkell, Keith C"]
[Black "Willow, Jonah B"]
[Result "1/2-1/2"]
[WhiteElo "2453"]
[BlackElo "2355"]
[Annotator "TA"]
[PlyCount "98"]
[EventDate "2019.12.08"]
[EventType "swiss"]
[EventCountry "ENG"]

{[%evp 23,98,13,25,15,3,0,12,-15,0,0,0,10,3,17,6,0,0,0,24,0,0,0,56,64,51,14,15,16,24,22,22,11,15,15,9,0,0,-12,-7,-279,-296,-264,0,0,0,0,0,-54,-49,-80,-69,-133,-64,-82,-66,-68,-35,-135,-65,-20,-2,-3,0,0,0,0,0,0,0,-2,0,0,0,0,0,-12,0]} 1. d4 Nf6 2. Nf3 e6 3. c4 c5 4. d5 exd5 5. cxd5 d6 6. Nc3 g6 7. g3 Bg7 8. Bg2 O-O 9. O-O a6 10. a4 Nbd7 11. Bf4 Qc7 12. Qd2 Re8 13. Bh6 {A63: Modern Benoni: Fianchetto Variation: 9...Nbd7} Bh8 14. h3 Rb8 {[#]} 15. Rab1 $146 ({Predecessor:} 15. Ra2 b6 16. Ng5 Bb7 17. Nce4 Nxe4 18. Nxe4 Ne5 19. Bg5 f6 20. Nxf6+ Bxf6 21. Bxf6 {1-0 (36) Yanjinlkham,B (2006)-Urjindorj,L Ulaanbaatar 2016}) 15... b5 16. axb5 axb5 17. b4 $1 Ne4 18. Nxe4 Rxe4 19. Rfc1 c4 20. Be3 c3 {[#] Threatens to win with ...Rxb4.} 21. Qd3 Rc4 $1 22. Bd4 Bxd4 (22... Nf6 $11 23. Nh4 Bd7) 23. Nxd4 $14 Ne5 24. Qe3 Qb6 $1 {[%cal Rb6d4]} 25. Nc2 {Black should prevent Qxb6.} Bf5 26. Qxb6 Rxb6 27. Rb3 Bxc2 $1 28. Rxc2 Ra6 29. Rcxc3 Ra1+ 30. Bf1 Rd4 {Hoping for ...Rdd1!} 31. f4 $2 {[%mdl 8192]} (31. Ra3 $1 $11 {and White is okay.} Rb1 32. Rab3 Rxb4 33. Rxb4 Rxb4 34. f4) 31... Nc4 $19 32. Rd3 Rxd3 $2 (32... Nd2 $19 33. Rxd2 Rxd2) 33. Rxd3 {[%mdl 4096] Endgame KRB-KRN} Rb1 34. e4 Rxb4 35. e5 (35. Rc3 $11) 35... Kf8 $15 36. exd6 Nxd6 37. Kf2 {[#]} ({White should try} 37. Ra3 $15) 37... Ke7 (37... Ne4+ $1 $17 38. Kf3 f5) 38. Ra3 $1 Ne4+ 39. Ke3 $1 Nxg3 (39... Kd6 $5 {[%cal Re4g3]} 40. Bxb5 Nxg3 $15) 40. Bd3 (40. Ra7+ $15 Kd6 41. Bd3) 40... Kd6 (40... Ra4 $17 41. Rc3 Kd6) 41. Ra7 Kxd5 {White must now prevent ...Ne4.The position is equal.} 42. Rxf7 Rb3 {And now ...Ne4 would win.} 43. Rxh7 Nf5+ 44. Kd2 Rb2+ 45. Kc3 Rf2 46. Rb7 Nd6 47. Rg7 Rxf4 48. Rxg6 b4+ 49. Kc2 Rh4 {Accuracy: White = 70%, Black = 82%.} 1/2-1/2